TIDY'S PHYSIOTHERAPY (Record no. 58143)
[ view plain ]
| 000 -LEADER | |
|---|---|
| fixed length control field | 00406nam a22001817a 4500 |
| 008 - FIXED-LENGTH DATA ELEMENTS--GENERAL INFORMATION | |
| fixed length control field | 240210b |||||||| |||| 00| 0 eng d |
| 020 ## - ISBN | |
| International Standard Book Number | 978813123564 |
| 040 ## - CATALOGING SOURCE | |
| Original cataloging agency | IIMT Ayurveda Medical College and Hospital(0669) |
| 082 ## - DDC NUMBER | |
| Classification number | 613.6 POR |
| 100 ## - MAIN ENTRY--PERSONAL NAME | |
| Personal name | PORTER , STUART |
| 110 ## - MAIN ENTRY--CORPORATE NAME | |
| Department | AYURVEDA |
| 245 ## - TITLE STATEMENT | |
| Title | TIDY'S PHYSIOTHERAPY |
| 250 ## - EDITION STATEMENT | |
| Edition statement | 15 TH |
| 260 ## - PUBLICATION, DISTRIBUTION, ETC. (IMPRINT) | |
| Place of publication, distribution, etc | NEW DELHI |
| Name of publisher, distributor, etc | ELSEVIER |
| Date of publication, distribution, etc | 2022 |
| 300 ## - PHYSICAL DESCRIPTION | |
| Pages | 668 |
| 650 ## - Subject | |
| Subject | PANCHKARMA |
| 942 ## - ADDED ENTRY ELEMENTS (KOHA) | |
| Koha item type | Text-Book- for 7 days |
| 952 ## - LOCATION AND ITEM INFORMATION (KOHA) | |
| -- | 2024-02-10 |
| Withdrawn status | Lost status | Source of classification or shelving scheme | Damaged status | Not for loan | Location (home branch) | Sublocation or collection (holding branch) | Date acquired | Source of Acquisition | Koha issues (times borrowed) | Koha full call number | Accession No. | Koha date last seen | Koha item type |
|---|---|---|---|---|---|---|---|---|---|---|---|---|---|
| IIMT Ayurveda Medical College and Hospital(0669) | IIMT Ayurveda Medical College and Hospital(0669) | 01/27/2024 | ARISTA | 613.6 POR | 30-B-6108 | 02/10/2024 | Text-Book- for 7 days |

